Campeones Escuderías F1 - Estadísticas

Estadísticas generales
  • Esta prueba ha sido intentada 963 veces
    81 desde el último reinicio
  • La puntuación promedio es 59 de 68
Estadísticas de respuestas
Hint Respuesta % Correcto
1961 Ferrari
100%
1964 Ferrari
100%
1975 Ferrari
100%
1976 Ferrari
100%
1977 Ferrari
100%
1979 Ferrari
100%
1982 Ferrari
100%
1983 Ferrari
100%
1999 Ferrari
100%
2000 Ferrari
100%
2001 Ferrari
100%
2002 Ferrari
100%
2003 Ferrari
100%
2004 Ferrari
100%
2007 Ferrari
100%
2008 Ferrari
100%
2014 Mercedes
100%
2015 Mercedes
100%
2016 Mercedes
100%
2017 Mercedes
100%
2018 Mercedes
100%
2019 Mercedes
100%
2020 Mercedes
100%
2021 Mercedes
100%
1974 McLaren
99%
1984 McLaren
99%
1985 McLaren
99%
1988 McLaren
99%
1989 McLaren
99%
1990 McLaren
99%
1991 McLaren
99%
1998 McLaren
99%
2024 McLaren
99%
2025 McLaren
99%
2010 Red Bull
99%
2011 Red Bull
99%
2012 Red Bull
99%
2013 Red Bull
99%
2022 Red Bull
99%
2023 Red Bull
99%
2005 Renault
96%
2006 Renault
96%
1980 Williams
89%
1981 Williams
89%
1986 Williams
89%
1987 Williams
89%
1992 Williams
89%
1993 Williams
89%
1994 Williams
89%
1996 Williams
89%
1997 Williams
89%
2009 Brawn
69%
1963 Lotus
68%
1965 Lotus
68%
1968 Lotus
68%
1970 Lotus
68%
1972 Lotus
68%
1973 Lotus
68%
1978 Lotus
68%
1995 Benetton
65%
1966 Brabham
51%
1967 Brabham
51%
1971 Tyrell
42%
1959 Cooper
31%
1960 Cooper
31%
1962 BRM
30%
1958 Vanwall
30%
1969 Matra
25%
No se encontraron pruebas coincidentes
Distribución de puntuación
Porcentaje de gente con cada puntuación
Porcentaje por número respondido
Historial de tus puntuaciones
No has intentado esta prueba desde el último reinicio